<?xml version="1.0" encoding="UTF-8"?>
<marc:record xmlns:marc="http://www.loc.gov/MARC21/slim">
   <marc:leader>00000nam a2200000 a 4500</marc:leader>
   <marc:datafield ind1="1" ind2=" " tag="100">
      <marc:subfield code="a">Hill, Reginald</marc:subfield>
      <marc:subfield code="4">aut</marc:subfield>
      <marc:subfield code="e">Verfasser/-in</marc:subfield>
   </marc:datafield>
   <marc:datafield ind1="1" ind2=" " tag="100">
      <marc:subfield code="a">Ebnet, Karl-Heinz</marc:subfield>
      <marc:subfield code="4">trl</marc:subfield>
      <marc:subfield code="e">Übersetzer/-in</marc:subfield>
   </marc:datafield>
   <marc:datafield ind1=" " ind2=" " tag="653">
      <marc:subfield code="a">Kriminalroman</marc:subfield>
   </marc:datafield>
   <marc:datafield ind1="0" ind2="0" tag="245">
      <marc:subfield code="a">Die letzte Stunde naht</marc:subfield>
   </marc:datafield>
   <marc:datafield ind1="0" ind2="0" tag="245">
      <marc:subfield code="b">Kriminalroman</marc:subfield>
   </marc:datafield>
   <marc:datafield ind1="0" ind2="0" tag="245">
      <marc:subfield code="c">Reginald Hill ; aus dem Englischen von Karl-Heinz Ebnet</marc:subfield>
   </marc:datafield>
   <marc:datafield ind1=" " ind2="1" tag="264">
      <marc:subfield code="a">München</marc:subfield>
      <marc:subfield code="b">Droemer</marc:subfield>
      <marc:subfield code="c">2017</marc:subfield>
   </marc:datafield>
   <marc:datafield ind1=" " ind2=" " tag="250">
      <marc:subfield code="a">1. Aufl.</marc:subfield>
   </marc:datafield>
   <marc:datafield ind1="1" ind2=" " tag="520">
      <marc:subfield code="a">Best of British Crime: der letzte Fall für das unvergleichliche Ermittler-Duo Dalziel und Pascoe Nach seiner Rückkehr aus der Kur kehrt DCI Andy Dalziel an seine alte Wirkungsstätte, das Mid-Yorkshire Police Department, zurück. Allerdings ist er offenbar noch nicht wieder ganz auf dem Damm: Auf dem Weg zur Arbeit mehren sich die Anzeichen, dass der vermeintliche Montag in Wirklichkeit ein Sonntag ist! Schockiert flüchtet Dalziel zu innerer Einkehr und Sammlung in die Kathedrale von York, wo er von einer Frau angesprochen wird  Gina Wolfe. Sie ist Dalziel von seiner Haustür bis hierher gefolgt, ohne zu bemerken, dass wiederum sie von zwei zwielichtigen Typen verfolgt wird, die ihr nach dem Leben trachten. Und damit beginnt eine sonntägliche Tour de force, an deren Ende nicht nur ein Toter und eine schwer verletzte Polizistin stehen, sondern auch ein in seiner alten majestätischen Pracht wiederhergestellter Dalziel, für den sich die Verkettung der Ereignisse als wahrer Jungbrunnen erweist. (Verlagstext)</marc:subfield>
   </marc:datafield>
   <marc:datafield ind1=" " ind2=" " tag="020">
      <marc:subfield code="a">9783426199572</marc:subfield>
      <marc:subfield code="9">9783426199572</marc:subfield>
   </marc:datafield>
   <marc:datafield ind1=" " ind2=" " tag="041">
      <marc:subfield code="a">ger</marc:subfield>
   </marc:datafield>
   <marc:datafield ind1=" " ind2=" " tag="300">
      <marc:subfield code="a">441 S.</marc:subfield>
   </marc:datafield>
</marc:record>
